| 000 | 00686 a2200193 4500 | ||
|---|---|---|---|
| 999 |
_c3365 _d3365 |
||
| 020 | _a9781444112504 | ||
| 050 | 0 | 0 | _aTX911.3 LIL 2010 |
| 100 | 1 |
_aLillicrap, D. R. _eauthor |
|
| 245 | 1 | 0 |
_aFood and beverage service / _cDennis R. Lillicrap, John A. Cousins. |
| 250 | _a8th ed. | ||
| 264 |
_aLondon: _bDynamic Learning, _c2010 |
||
| 300 |
_axii, 452p. : _bill. (col.) |
||
| 500 | _aIncludes index. | ||
| 650 | 0 | _aFood service management. | |
| 650 | 0 | _aFood service management | |
| 700 | 1 |
_aCousins, John A. _eauthor |
|
| 942 |
_2lcc _cBK _e8th ed. _h911.3 _iLIL _kTX |
||